| 000 | 00485nam a2200169Ia 4500 | ||
|---|---|---|---|
| 999 |
_c30098 _d30098 |
||
| 003 | OSt | ||
| 005 | 20210105100612.0 | ||
| 008 | 190216s9999||||xx |||||||||||||| ||und|| | ||
| 040 | _coclc | ||
| 082 |
_a894.812301 _bSUR/P |
||
| 100 |
_aSurendran, P _9540 |
||
| 245 | 0 |
_aPacha Njarabe / _cP Surendran |
|
| 260 |
_bPratheeksha Publications, _c2012. _aKozhikode: |
||
| 300 | _a148p | ||
| 650 | _aMalayalam | ||
| 942 |
_cBK _2ddc _h894.812301 _iSUR/P _k894.812301 _mSUR/P |
||